Плазменная утилизация угольных отходов; Физико-технические проблемы атомной энергетики и промышленности

Bibliografski detalji
Parent link:Физико-технические проблемы атомной энергетики и промышленности.— 2005.— С. 120.
Glavni autor: Каренгин А. Г.
Daljnji autori: Ковалёв С. В.
Jezik:ruski
Izdano: 2005
Teme:
Format: MixedMaterials Poglavlje knjige
KOHA link:https://koha.lib.tpu.ru/cgi-bin/koha/opac-detail.pl?biblionumber=83364

MARC

LEADER 00000naa2a2200000 4500
001 83364
005 20231031100147.0
035 |a (RuTPU)RU\TPU\book\89601 
090 |a 83364 
100 |a 20051014d2005 k y0rusy50 ca 
101 0 |a rus 
102 |a RU 
200 1 |a Плазменная утилизация угольных отходов  |f А. Г. Каренгин, С. В. Ковалёв 
320 |a Библиогр.: 2 назв. 
463 0 |0 (RuTPU)RU\TPU\book\86598  |y 5-7262-0526-S  |t Физико-технические проблемы атомной энергетики и промышленности  |o III Международная научно-практическая конференция, 7-8 июня 2005 г., Томск  |o сборник тезисов докладов  |f Томский политехнический университет  |v С. 120.  |d 2005  |p 190 с. 
610 1 |a отходы 
610 1 |a угольные отходы 
610 1 |a уголь 
610 1 |a утилизация 
610 1 |a плазменная утилизация 
610 1 |a труды учёных ТПУ 
700 1 |a Каренгин  |b А. Г. 
701 1 |a Ковалёв  |b С. В. 
801 1 |a RU  |b 63413507  |c 20051014  |g PSBO 
942 |c BK